Scammell and Densham's law of agricultural holdings (Record no. 112368)

MARC details
000 -LEADER
fixed length control field 00687cam a22002295a 4500
001 - CONTROL NUMBER
control field E153088
008 - FIXED-LENGTH DATA ELEMENTS--GENERAL INFORMATION
fixed length control field 110607s2011 xxk f 000 0 eng d
020 ## - INTERNATIONAL STANDARD BOOK NUMBER
International Standard Book Number 9781405744935
035 ## - SYSTEM CONTROL NUMBER
System control number (Sirsi) u153088
041 0# - LANGUAGE CODE
Language code of text/sound track or separate title eng
245 00 - TITLE STATEMENT
Title Scammell and Densham's law of agricultural holdings
Remainder of title supplement
250 ## - EDITION STATEMENT
Edition statement 9th ed.
260 ## - PUBLICATION, DISTRIBUTION, ETC.
Place of publication, distribution, etc. London
Name of publisher, distributor, etc. Lexis Nexis
Date of publication, distribution, etc. 2011
300 ## - PHYSICAL DESCRIPTION
Extent lix, 372p.
Dimensions 25cm.
520 ## - SUMMARY, ETC.
Summary, etc. Updates the main volume to 1 January 2011.
590 ## - LOCAL NOTE (RLIN)
Local note KA
651 #4 - SUBJECT ADDED ENTRY--GEOGRAPHIC NAME
Geographic name United Kingdom
Chronological subdivision
690 ## - LOCAL SUBJECT ADDED ENTRY--TOPICAL TERM (OCLC, RLIN)
Topical term or geographic name as entry element PROPERTY-LANDLORD AND TENANT-TENANCIES-AGRICULTURAL TENANCIES
700 1# - ADDED ENTRY--PERSONAL NAME
Personal name Williams, Peter R.
Relator term Editor
700 1# - ADDED ENTRY--PERSONAL NAME
Personal name Cardwell, Michael N.
Relator term Editor
942 ## - ADDED ENTRY ELEMENTS (KOHA)
Suppress in OPAC 0

No items available.